000
00291nam a22001337a 4500
008
170628b xxu||||| |||| 00| 0 eng d
020
_a
9780679736189
041
_a
eng
080
_a
82
100
_a
21
101
_a
gjl
245
_a
LOVE IN A DRY SEASON
_c
FOOTE.SH
942
_2
udc
_c
BK
999
_c
19391
_d
19391